000 00659nam a2200241Ia 4500
003 OSt
005 20220924145006.0
006 a|||||r|||| 00| 0
007 ta
008 220923b |||||||| |||| 00| 0 per d
024 _a325277
037 _cTextual
040 _aARTS
_cARTS
_bper
041 _2per
_aper
082 _aDelta73y71,E9, 164L5
100 _aNishaburi Fareeduddin Attar Au.
_9200196
245 0 _aGuzidah tazkiratul auliya
260 _c1975
650 _a SPIRurdALISM
650 _aISLAM
_9577
942 _hDelta73y71,E9, 164L5
_cTEXL
_2CC
999 _c458878
_d458878